Virtualizácia experimentálneho pracoviska pomocou nástroja VR

Saved in:
Bibliographic Details
Main Author: Stupeň, Tomáš (Author)
Other Authors: Dekan, Martin (Thesis advisor)
Format: Manuscript Book
Language:Slovak
Published: 2025
Subjects:
Online Access:http://is.stuba.sk/zp/portal_zp.pl?podrobnosti=185723
Tags: Add Tag
No Tags, Be the first to tag this record!

MARC

LEADER 00000ntm a22000003a 4500
001 stuzp102235
003 SK-STU
005 20250614211057.5
007 ta
008 150427s2015----xo-----f-mn---000-0-slo-d
040 |a STU  |b slo 
041 0 |a slo 
100 1 |a Stupeň, Tomáš  |u 031000  |4 aut  |U FEI Fakulta elektrotechniky a informatiky  |T FEI Ústav robotiky a kybernetiky  |X 111143  |U E011  |Y 356  |7 111143 
242 0 1 |a Virtualization of the Experimental Stand Using the VR Tool  |y eng 
245 1 0 |a Virtualizácia experimentálneho pracoviska pomocou nástroja VR 
260 |c 2025 
650 4 |a VR application  |2 eng 
650 4 |a virtual reality  |2 eng 
650 4 |a digital twin  |2 eng 
650 4 |a VR aplikácia  |2 slo 
650 4 |a virtuálna realita  |2 slo 
650 4 |a digitálne dvojča  |2 slo 
700 1 |a Dekan, Martin  |u 031000  |k Z1  |4 ths  |U FEI Fakulta elektrotechniky a informatiky  |T FEI Ústav robotiky a kybernetiky  |X 16569  |U E011  |Y 356  |7 A000016569 
856 4 |u http://is.stuba.sk/zp/portal_zp.pl?podrobnosti=185723